| 000 | 00446nam a2200181Ia 4500 | ||
|---|---|---|---|
| 003 | OSt | ||
| 005 | 20260316130658.0 | ||
| 008 | 250729s2000 xx 000 0 und d | ||
| 040 | _cAL | ||
| 041 | _aeng | ||
| 082 | _a930.7 GILI | ||
| 100 |
_aGilbert sequira _9230170 |
||
| 245 | _aBharathada ithihasa II (AD 1206 - 1856 | ||
| 260 |
_aMangalore _bMangala Prakashana _c2000 |
||
| 300 | _a591p | ||
| 650 |
_aHistory _9230171 |
||
| 942 |
_2ddc _cBED |
||
| 999 |
_c238648 _d238648 |
||